| 000 | 00577nam a2200229Ia 4500 | ||
|---|---|---|---|
| 003 | OSt | ||
| 005 | 20221005130129.0 | ||
| 006 | a|||||r|||| 00| 0 | ||
| 007 | ta | ||
| 008 | 221004b |||||||| |||| 00| 0 san d | ||
| 024 | _a54159 | ||
| 037 | _cTextual | ||
| 040 |
_aCRL _cCRL _bsan |
||
| 041 |
_2san _asan |
||
| 082 | _aO15,1D40,13, 32H8 | ||
| 100 |
_aBalarama _9637645 |
||
| 245 | 0 | _aRaghu raja charitam | |
| 260 | _c1948 | ||
| 650 |
_aSANSKRIT POETRY _9155567 |
||
| 942 |
_hO15,1D40,13, 32H8 _cTEXL _2cc |
||
| 999 |
_c1056195 _d1056195 |
||